| 000 | 00832cam a2200217 4500 | ||
|---|---|---|---|
| 001 | WB3612-27 | ||
| 008 | 000000n2000 000 0 eng u | ||
| 035 | _a(Sirsi) u104898 | ||
| 245 | _aAgriculture in the UK 1999 | ||
| 260 | _c2000 | ||
| 490 |
_aMAFF News Release _v (84/00) 16 March 2000 (3) |
||
| 520 | _aAnnounces the publication of 2 major reports, "Agriculture in the United Kingdom 1999" and "Farm incomes in the United Kingdom 1998/1999". They are both available from the internet at http://www.maff.gov.uk and "Agriculture in the UK" is available from the Stationery Office on 0207 873 9090. | ||
| 590 | _aWB | ||
| 650 | _aMAFF | ||
| 650 | _aAGRICULTURE IN THE UK | ||
| 650 | _aFARM INCOMES IN THE UK | ||
| 650 | _aREPORTS | ||
| 650 | _aPUBLICATIONS | ||
| 690 | _aRURAL-AGRICULTURE AND FORESTRY | ||
| 942 | _n0 | ||
| 999 |
_c62928 _d62928 |
||